| 000 | 01203nab a2200229 i 4500 | ||
|---|---|---|---|
| 001 | 768714001 | ||
| 003 | CO-MdFUSB | ||
| 005 | 20240531103600.0 | ||
| 008 | 240531t1975 ag ||||| |||| 00| 0 spa d | ||
| 040 |
_bspa _cCO-MdFUSB _dCO-MdFUSB |
||
| 041 | _aspa | ||
| 100 |
_aFerrari, Ariel, _d1948-2018 _eautor |
||
| 245 |
_aYo me casé contigo _c/ Ariel Ferrari |
||
| 520 | _aLos escritos de Walter Trobisch sobre sexo, amor y matrimonio se encuentran entre los textos pastorales más fiables y conocidos de todos los tiempos. En ellos esbozan un sinfín de situaciones, donde la sabiduría del autor explica lugares oscuros del matrimonio y promueve la madurez de los protagonistas principales, las jóvenes parejas africanas. A continuación, se presenta algunos de los conceptos básicos de Walter Trobisch, expuesto en su libro I married you (Yo me casé contigo). | ||
| 650 | 7 |
_aMatrimonio _9300 |
|
| 650 | 7 |
_aAmor _9366 |
|
| 650 | 7 |
_aDios _9178 |
|
| 650 | 0 |
_aSexo _91346 |
|
| 773 | 0 |
_069974 _982717 _dBuenos Aires _oR2609 _tCerteza _w(CO-MdFUSB)768714001 _gNúmero 59, (julio - septiembre, 1975) páginas: 82 - 85 _qpágina: 82 |
|
| 942 | _cANA | ||
| 945 | _aCatherine Arias Álvarez - Practicante SENA | ||
| 999 |
_c70021 _d70021 |
||